Loading...
| History - American | 0 | 10 | 0 | 0 | 100 | 12 | 74.60 | 2 | 7 | 0.00 | 0.00 |
| History - World | 0 | 6 | 0 | 1 | 60 | 24 | 73.67 | 1 | 3 | 0.00 | 0.00 |
| Social Science | 0 | 4 | 0 | 0 | 40 | 59 | 74.25 | 1 | 3 | 0.00 | 0.00 |
| Current Events | 0 | 3 | 0 | 0 | 30 | 13 | 19.00 | 1 | 3 | 0.00 | 0.00 |
| Fine Arts - Painting and Sculpture | 0 | 3 | 0 | 0 | 30 | 83 | 87.33 | 0 | 0 | 0.00 | 0.00 |
| Mythology | 0 | 2 | 0 | 0 | 20 | 83 | 89.50 | 0 | 0 | 0.00 | 0.00 |
| History - European | 0 | 3 | 2 | 0 | 20 | 16 | 52.33 | 1 | 3 | 0.00 | 0.00 |
| Popular Culture | 0 | 2 | 0 | 0 | 20 | 36 | 70.00 | 0 | 1 | 0.00 | 0.00 |
| Philosophy | 0 | 2 | 1 | 0 | 15 | 102 | 102.50 | 0 | 0 | 0.00 | 0.00 |
| History - Other | 0 | 3 | 3 | 1 | 15 | 66 | 99.67 | 1 | 1 | 0.00 | 0.00 |
| Fine Arts - Other | 0 | 1 | 0 | 0 | 10 | 66 | 66.00 | 1 | 1 | 0.00 | 0.00 |
| Literature - American | 0 | 1 | 0 | 0 | 10 | 119 | 119.00 | 0 | 0 | 0.00 | 0.00 |
| Literature - British | 0 | 1 | 0 | 0 | 10 | 100 | 100.00 | 0 | 0 | 0.00 | 0.00 |
| Other Academic | 0 | 1 | 0 | 0 | 10 | 78 | 78.00 | 0 | 0 | 0.00 | 0.00 |
| Religion | 0 | 1 | 0 | 0 | 10 | 123 | 123.00 | 0 | 0 | 0.00 | 0.00 |
| Literature - World | 0 | 0 | 0 | 0 | 0 | 0.00 | 0 | 0 | 0.00 | 0.00 | |
| Science - Biology | 0 | 0 | 1 | 0 | -5 | 0.00 | 0 | 0 | 0.00 | 0.00 |